القواعد و الضوابط الفقهية المؤثرة في المعاملات المصرفية الإسلامية / (رقم التسجيلة. 127439)

تفاصيل مارك
000 -LEADER
fixed length control field 00677nam a22001817a 4500
005 - DATE AND TIME OF LATEST TRANSACTION
control field 20251108175143.0
008 - FIXED-LENGTH DATA ELEMENTS--GENERAL INFORMATION
fixed length control field 250721s2013 xx 000 0 ara d
082 14 - DEWEY DECIMAL CLASSIFICATION NUMBER
Classification number م/216.9242/قحط
100 1# - MAIN ENTRY--PERSONAL NAME
Personal name القحطاني، فواز محمد
245 10 - TITLE STATEMENT
Title القواعد و الضوابط الفقهية المؤثرة في المعاملات المصرفية الإسلامية /
264 1# - PRODUCTION, PUBLICATION, DISTRIBUTION, MANUFACTURE, AND COPYRIGHT NOTICE
Place of production, publication, distribution, manufacture بيروت :
Name of producer, publisher, distributor, manufacturer مؤسسة الرسالة ناشرون،
Date of production, publication, distribution, manufacture, or copyright notice 2013.
300 ## - PHYSICAL DESCRIPTION
Extent 2ج.
650 17 - SUBJECT ADDED ENTRY--TOPICAL TERM
Topical term or geographic name as entry element الفقه الاسلامي
650 17 - SUBJECT ADDED ENTRY--TOPICAL TERM
Topical term or geographic name as entry element الاقتصاد الاسلامي
650 17 - SUBJECT ADDED ENTRY--TOPICAL TERM
Topical term or geographic name as entry element المصارف الاسلامية ( البنوك )
942 ## - ADDED ENTRY ELEMENTS (KOHA)
Source of classification or shelving scheme Dewey Decimal Classification
Koha item type مراجع
المقتنيات
حالة السحب حالة الفقدان مصدر التصنيف حالة التلف غير قابل للإعارة المكتبة الرئيسية المكتبة الحالية موقع الرف تاريخ التزويد الرقم المتسلسل Total Checkouts رقم الإستدعاء الباركود تاريخ آخر ظهور تاريخ الفاتورة نوع المادة (كوها)
    Dewey Decimal Classification   Not For Loan المكتبة المركزية المكتبة المركزية مراجع 28/07/2025 1552467   م/216.9242/قحط PLD00271086 28/07/2025 28/07/2025 مراجع
    Dewey Decimal Classification   Not For Loan المكتبة المركزية المكتبة المركزية مراجع 18/05/2013 1552468   م/216.9242/قحط PLD00271154 28/07/2025 18/05/2013 مراجع
    Dewey Decimal Classification   Not For Loan مكتبة أبو علندا العامة مكتبة أبو علندا العامة مراجع 18/05/2013 1552469   م/216.9242/قحط PLD00271155 28/07/2025 18/05/2013 مراجع
    Dewey Decimal Classification   Not For Loan مكتبة أبو علندا العامة مكتبة أبو علندا العامة مراجع 18/05/2013 1552470   م/216.9242/قحط PLD00271156 28/07/2025 18/05/2013 مراجع
    Dewey Decimal Classification   Not For Loan مكتبة الجويدة مكتبة الجويدة مراجع 18/05/2013 1552471   م/216.9242/قحط PLD00271157 28/07/2025 18/05/2013 مراجع
    Dewey Decimal Classification   Not For Loan مكتبة الجويدة مكتبة الجويدة مراجع 18/05/2013 1552472   م/216.9242/قحط PLD00271158 28/07/2025 18/05/2013 مراجع
    Dewey Decimal Classification   Not For Loan مكتبةمؤتة مكتبةمؤتة مراجع 18/05/2013 1552475   م/216.9242/قحط PLD00271161 28/07/2025 18/05/2013 مراجع
    Dewey Decimal Classification   Not For Loan مكتبةمؤتة مكتبةمؤتة مراجع 18/05/2013 1552476   م/216.9242/قحط PLD00271162 28/07/2025 18/05/2013 مراجع
Implemented & Customized by: BBB with SCIT (Smart Chains for Information Technology)

Powered by Koha